000 00303nam a22001337a 4500
008 170504b xxu||||| |||| 00| 0 eng d
020 _a0913111260
041 _aeng
080 _a347
100 _a14
101 _aSHJ
245 _aABORTION RIGHTS AND FETAL "PERSONHOOD"
_cDOERR, E
942 _2udc
_cBK
999 _c12653
_d12653